Delito continuado y concurso de delitos / (Registro nro. 28813)

Detalles MARC
000 -LEADER
fixed length control field 01428nam a2200289Ia 4500
003 - CONTROL NUMBER IDENTIFIER
control field CO-CtgCURN
005 - DATE AND TIME OF LATEST TRANSACTION
control field 20250408220224.0
008 - FIXED-LENGTH DATA ELEMENTS--GENERAL INFORMATION
fixed length control field 190723s9999 xx 000 0 und d
020 ## - INTERNATIONAL STANDARD BOOK NUMBER
International Standard Book Number 9789587490961
040 ## - CATALOGING SOURCE
Original cataloging agency CO-CtgCURN
Language of cataloging spa
Transcribing agency coctgcurn
082 ## - DEWEY DECIMAL CLASSIFICATION NUMBER
Classification number 345.02
Item number P855d
100 ## - MAIN ENTRY--PERSONAL NAME
Personal name Posada Maya, Ricardo
245 #0 - TITLE STATEMENT
Title Delito continuado y concurso de delitos /
Statement of responsibility, etc. Ricardo Posada Maya
250 ## - EDITION STATEMENT
Edition statement Reimpresión
260 ## - PUBLICATION, DISTRIBUTION, ETC.
Place of publication, distribution, etc. Bogotá, Colombia :
Name of publisher, distributor, etc. Grupo Editorial Ibañez,
Date of publication, distribution, etc. 2012
300 ## - PHYSICAL DESCRIPTION
Extent 793 páginas ;
Dimensions 24 centímetros
490 ## - SERIES STATEMENT
Series statement Coleccion Ciencias Penales
504 ## - BIBLIOGRAPHY, ETC. NOTE
Bibliography, etc. note Incluye referencias bibliográficas (p. 759-793)
505 ## - FORMATTED CONTENTS NOTE
Formatted contents note 1. La unidad y pluralidad de conductas -- 2. La unidad y pluralidad de tipicidades -- 3. Origen y evolucion del delito continuado -- 4. Concepto y fundamento del delito continuado -- 5. Elementos del delito continuado (I) -- 6. Los elementos del delito continuado (II) 7. El delito continuado con sujeto pasivo masa (delito-masa) -- 8. Aspecto problematicos del delito continuado -- 9. La punibilidad del delito continuado
521 ## - TARGET AUDIENCE NOTE
Target audience note AREA PROFESIONAL
590 ## - LOCAL NOTE (RLIN)
Local note Programa de Derecho_18
650 ## - SUBJECT ADDED ENTRY--TOPICAL TERM
Topical term or geographic name entry element Delitos
General subdivision Legislacion
Geographic subdivision Colombia
650 ## - SUBJECT ADDED ENTRY--TOPICAL TERM
Topical term or geographic name entry element Derecho penal
Geographic subdivision Colombia
942 ## - ADDED ENTRY ELEMENTS (KOHA)
Koha item type Libros
Classification part 345.02
Item part P855d
Source of classification or shelving scheme Dewey Decimal Classification
Suppress in OPAC No
Existencias
Withdrawn status Lost status Source of classification or shelving scheme Damaged status Not for loan Collection Home library Current library Shelving location Date acquired Source of acquisition Inventory number Total checkouts Full call number Barcode Date last seen Copy number Price effective from Koha item type Public note
    Dewey Decimal Classification       Miguel Henríquez Castañeda Barranquilla Miguel Henríquez Castañeda Barranquilla General 05/23/2018 Compra OC-04-101-18 04637   345.02 P855d 04637 07/23/2019 ej.1 07/23/2019 Libros Compra OC-04-101-18 IP 2018
    Dewey Decimal Classification       Miguel Henríquez Castañeda Barranquilla Miguel Henríquez Castañeda Barranquilla General 05/23/2018 Compra OC-04-101-18 04638   345.02 P855d 04638 07/23/2019 ej.2 07/23/2019 Libros Compra OC-04-101-18 IP 2018